Normal view MARC view
  • Shafique, NC Saleha (TCC-21)

Entry Personal Name

Number of records used in: 0

001 - CONTROL NUMBER

  • control field: 132116

003 - CONTROL NUMBER IDENTIFIER

  • control field: NUST

005 - DATE AND TIME OF LATEST TRANSACTION

  • control field: 20251125180459.0

008 - FIXED-LENGTH DATA ELEMENTS

  • fixed length control field: 251125|| aca||aabn | a|a d

040 ## - CATALOGING SOURCE

  • Original cataloging agency: NUST
  • Transcribing agency: NUST

100 ## - HEADING--PERSONAL NAME

  • Personal name: Shafique, NC Saleha (TCC-21)

670 ## - SOURCE DATA FOUND

  • Source citation: Work cat.: (NUST)210850: Shafique, NC Saleha (TCC-21), Hardware implementation of fog / haze removal system /, June-2013
© 2023 Central Library, National University of Sciences and Technology. All Rights Reserved.